LEADER 00923nam0-2200349---450- 001 990009807990403321 005 20140114094951.0 010 $a978-88-575-0232-8 035 $a000980799 035 $aFED01000980799 035 $a(Aleph)000980799FED01 035 $a000980799 100 $a20140110d2010----km-y0itay50------ba 101 1 $aita 102 $aIT 105 $ay-------001yy 200 1 $aCinema$fGilles Deleuze 210 $aMilano$cMimesis$d2010 215 $a44 p.$d17 cm 225 1 $aMimesis$iMinima/volti$v8 610 0 $aImmagini cinematografiche$aLinguaggio 610 0 $aCinema$aTeoria e tecnica 676 $a791.43015 676 $a302.2343 700 1$aDeleuze,$bGilles$f<1925-1995>$0139769 801 0$aIT$bUNINA$gRICA$2UNIMARC 901 $aBK 912 $a990009807990403321 952 $a791.43 DEL 4$bbibl.$fFLFBC 959 $aFLFBC 996 $aCinema$9838068 997 $aUNINA LEADER 00960nam--2200373---450- 001 990003096970203316 005 20110808094354.0 035 $a000309697 035 $aUSA01000309697 035 $a(ALEPH)000309697USA01 035 $a000309697 100 $a20080417d1952----km-y0itay50------ba 101 $afre 102 $aFR 105 $a||||||||001yy 200 1 $aMarie Dubois$eroman$fJacques Audiberti 210 $aParis$cGallimard$dcopyr. 1952 215 $a285 p.$d21 cm 225 2 $aNrf 410 0$12001$aNrf 454 1$12001 461 1$1001-------$12001 606 0 $aNarrativa francese 676 $a843 700 1$aAUDIBERTI,$bJacques$0469293 801 0$aIT$bsalbc$gISBD 912 $a990003096970203316 951 $aII.4.A.195$b3184 DSLL 959 $aBK 969 $aDSLL 979 $aDSLL$b90$c20080417$lUSA01$h1013 979 $aDSLL$b90$c20110808$lUSA01$h0943 996 $aMarie Dubois$91019173 997 $aUNISA